ბათუმის შოთა რუსთაველის სახელმწიფო უნივერსიტეტის ბიბლიოთეკა

ჩაის ქიმია (ბიბ.ჩანაწერი № 44654)

000 -LEADER
fixed length control field 00945nam a2200193Ia 4500
001 - CONTROL NUMBER
control field 11457
003 - CONTROL NUMBER IDENTIFIER
control field GE_BSU
008 - FIXED-LENGTH DATA ELEMENTS--GENERAL INFORMATION
fixed length control field 181216s||||||||xx |||||||||||||| ||und||
040 ## - CATALOGING SOURCE
Transcribing agency GE_BSU
100 ## - MAIN ENTRY--PERSONAL NAME
Personal name კობახიძე,შ; ბედია,ა.
245 ## - TITLE STATEMENT
Title ჩაის ქიმია
245 ## - TITLE STATEMENT
Remainder of title სახელმძღვ.სუბტროპიკული მეურნეობის ინ-ტის ჩაის ტექნოლოგიის სპეც.სტუდენტებისათვის.
260 ## - PUBLICATION, DISTRIBUTION, ETC.
Place of publication, distribution, etc. თბილისი
260 ## - PUBLICATION, DISTRIBUTION, ETC.
Name of publisher, distributor, etc. განათლება
260 ## - PUBLICATION, DISTRIBUTION, ETC.
Date of publication, distribution, etc. 1974
300 ## - PHYSICAL DESCRIPTION
Extent 280გვ;22სმ.
653 ## - INDEX TERM--UNCONTROLLED
Uncontrolled term ჩაის ქიმია.სახელმძღვ.სუბტროპიკული მეურნეობის ინ-ტის ჩაის ტექნოლოგიის სპეც.სტუდენტებისათვის.
942 ## - ADDED ENTRY ELEMENTS (KOHA)
Koha item type წიგნი
ეგზემპლარები
Withdrawn status Lost status Damaged status Not for loan Date acquired Barcode Date last seen Price effective from Koha item type
        2018-12-17 20251 2018-12-17 2018-12-17 წიგნი